| 000 | 01065nam0a22002891 4500 | ||
|---|---|---|---|
| 001 | rc\2803178 | ||
| 005 | 20250806210328.0 | ||
| 035 | _a(NLR Aleph) 006929186 | ||
| 090 |
_a34242 _c34242 |
||
| 100 | _a20110915d1944 u y0rusy50 ca | ||
| 101 | 0 | _arus | |
| 102 | _aRU | ||
| 105 | _aa z ||||| | ||
| 200 | 1 |
_aОтек и водянка. Воспаление. Лихорадка _fПодполк. м. с. В. В. Оранский _gПод ред. полк. м. с. Лидского |
|
| 210 |
_aСвердловск _cСвердловск. тип. треста "Полиграфкнига" _d1944 |
||
| 215 |
_a24 с. _cил. _d22 см. |
||
| 225 | 1 |
_aВ помощь курсанту _fВоен.-мед. училище |
|
| 333 | _aНа правах рукописи | ||
| 700 | 1 |
_aОранский _bВ.В. |
|
| 702 | 1 |
_aЛидский _4340 |
|
| 801 | 0 |
_aRU _bNLR _gpsbo |
|
| 801 | 1 |
_aRU _bELAR _2rusmarc |
|
| 852 |
_aNLR _jМд10 Г-6/16 |
||
| 942 | _cBOOK | ||
| 945 | _aРоссийская национальная библиотека | ||
| 980 | _aNB | ||
| 980 | _aBV | ||